Statistics for Every Premier League top scorer per season

Click here to take the quiz!

General Stats

  • This quiz has been taken 45 times
  • The average score is 30 of 39

Answer Stats

SeasonClubNo. of goalsPlayer% Correct
2015/16Tottenham Hotspur25Harry Kane
100%
2020/21Tottenham Hotspur23Harry Kane
100%
2016/17Tottenham Hotspur29Harry Kane
100%
2018/19Liverpool22Mohamed Salah
100%
2017/18Liverpool32Mohamed Salah
100%
2021/22Liverpool23Mohamed Salah
100%
1994/95Blackburn Rovers34Alan Shearer
97%
1995/96Blackburn Rovers31Alan Shearer
97%
1996/97Newcastle United25Alan Shearer
97%
2022/23Manchester City36Erling Haaland
97%
2014/15Manchester City26Sergio Agüero
97%
2001/02Arsenal24Thierry Henry
97%
2003/04Arsenal30Thierry Henry
97%
2004/05Arsenal25Thierry Henry
97%
2005/06Arsenal27Thierry Henry
97%
2009/10Chelsea29Didier Drogba
95%
2006/07Chelsea20Didier Drogba
95%
Tottenham HotspurHeung-min Son
95%
2019/20Leicester City23Jamie Vardy
95%
Sadio Mané
95%
2007/08Manchester United31Cristiano Ronaldo
86%
2011/12Arsenal30Robin van Persie
86%
2012/13Manchester United26Robin van Persie
86%
ArsenalPierre-Emerick Aubameyang
78%
2013/14Liverpool31Luis Suárez
76%
2002/03Manchester United25Ruud van Nistelrooy
68%
LiverpoolMichael Owen
65%
LiverpoolMichael Owen
65%
1993/94Newcastle United34Andy Cole
51%
2010/11Manchester City20Carlos Tevez
51%
Manchester UnitedDimitar Berbatov
49%
2008/09Chelsea19Nicolas Anelka
49%
1992/93Tottenham Hotspur22Teddy Sheringham
46%
1998/99Manchester United18Dwight Yorke
43%
1997/98Blackburn Rovers18Chris Sutton
30%
1999/00Sunderland30Kevin Phillips
30%
Coventry CityDion Dublin
27%
Leeds UnitedJimmy Floyd Hasselbaink
27%
2000/01Chelsea23Jimmy Floyd Hasselbaink
27%

Score Distribution

Percentile by Number Answered

Percent of People with Each Score

Your Score History

You have not taken this quiz